A Christian Road Map For Women Travelling Alone (Record no. 192)
[ view plain ]
| 000 -LEADER | |
|---|---|
| fixed length control field | 00489nam a22001697a 4500 |
| 003 - CONTROL NUMBER IDENTIFIER | |
| control field | OSt |
| 005 - DATE AND TIME OF LATEST TRANSACTION | |
| control field | 20180809132302.0 |
| 008 - FIXED-LENGTH DATA ELEMENTS--GENERAL INFORMATION | |
| fixed length control field | 180809b ||||| |||| 00| 0 eng d |
| 040 ## - CATALOGING SOURCE | |
| Transcribing agency | DLC |
| 082 ## - DEWEY DECIMAL CLASSIFICATION NUMBER | |
| Classification number | 248.4 |
| Item number | S463C |
| 100 ## - MAIN ENTRY--PERSONAL NAME | |
| Personal name | Sekowsky, Jo Anne |
| 245 ## - TITLE STATEMENT | |
| Title | A Christian Road Map For Women Travelling Alone |
| Remainder of title | Foreword By Rita Bennett |
| Statement of responsibility, etc. | Jo Anne Sekowsky |
| 260 ## - PUBLICATION, DISTRIBUTION, ETC. | |
| Place of publication, distribution, etc. | Washington |
| Name of publisher, distributor, etc. | Aglow Publication |
| Date of publication, distribution, etc. | c1975 |
| 300 ## - PHYSICAL DESCRIPTION | |
| Extent | 136 p.: |
| 650 ## - SUBJECT ADDED ENTRY--TOPICAL TERM | |
| Topical term or geographic name entry element | Women Bereavement |
| General subdivision | Christianity |
| 942 ## - ADDED ENTRY ELEMENTS (KOHA) | |
| Source of classification or shelving scheme | Dewey Decimal Classification |
| Koha item type | Books |
| Withdrawn status | Lost status | Source of classification or shelving scheme | Damaged status | Not for loan | Collection code | Home library | Current library | Shelving location | Date acquired | Total Checkouts | Full call number | Barcode | Date last seen | Price effective from | Koha item type |
|---|---|---|---|---|---|---|---|---|---|---|---|---|---|---|---|
| Dewey Decimal Classification | Non-fiction | Harvest Mission College | Harvest Mission College | General Stacks | 09.08.2018 | 248.4 S463C | 001140 | 09.08.2018 | 09.08.2018 | Books |
